| 000 | 00583nam a22001817a 4500 | ||
|---|---|---|---|
| 999 |
_c12515 _d12515 |
||
| 008 | 190130b ||||| |||| 00| 0 eng d | ||
| 020 | _a971-542-291-8 | ||
| 082 |
_22001 _aDFil 899.211 _bP53 |
||
| 245 |
_aThe legend of apo island/ _cDamiana Eugenio [Compiler and Editor] |
||
| 260 |
_aQuezon City: _bUP Press; _cc2001. |
||
| 300 |
_aPage 213-215; _c22.5 cm. |
||
| 500 | _aPhilippine folk literature: The myhts | ||
| 650 |
_aMythology _935285 |
||
| 650 |
_aLegends _935286 |
||
| 650 |
_aPhilippine folk literature (English) _935287 |
||
| 650 |
_aFolklore _935288 |
||
| 942 |
_2ddc _cDFIL |
||